000 01091cam a22002531 4500
001 gs 21000442
003 DLC
005 20260227111326.0
008 891016s1921 ag af b 000 0 spa
010 _ags 21000442
035 _a(OCoLC)20496202
040 _aDLC
_cCU
_dCU
_dDLC
042 _apremarc
050 0 0 _aQE231
_b.A28 no. 25
100 1 _aWichmann, Richard,
_d1881-1930.
245 0 0 _aEstudio geológico de la zona de reserva de la explotación nacional de petróleo en comodoro Rivadavia (Territorio nacional del Chubut)
_cpor el doctor Ricardo Wichmann.
260 _aBuenos Aires,
_bTalleres gráficos del Ministerio de agricultura de la nación,
_c1921.
300 _a1 p. l., 18, [1] p.
_b3 fold. pl. (diagrs.)
_c27 cm.
410 1 0 _aArgentina.
_bDirección General de Minas y Geología.
_tBoletin
_vno. 25. Ser. B (Geologia)
500 _aAt head of title: Ministerio de agricultura de la nación. Dirección general de minas, geología e hidrología.
504 _a"Bibliografia": 1 p. after p. 18.
650 0 _aGeology
_zArgentina.
650 0 _aPetrology
_zArgentina.
999 _c26136
_d26136